Library Banner

Tabeer-i-harf = تعبیر حرف / (Record no. 121509)

MARC details
000 -LEADER
fixed length control field 00542nam a22001817a 4500
005 - DATE AND TIME OF LATEST TRANSACTION
control field 20210226112743.0
008 - FIXED-LENGTH DATA ELEMENTS--GENERAL INFORMATION
fixed length control field 210226b ||||| |||| 00| 0 eng d
040 ## - CATALOGING SOURCE
Transcribing agency PK-LaUMT
082 ## - DEWEY DECIMAL CLASSIFICATION NUMBER
Classification number RHC 891.4394
Item number GHA-T
100 ## - MAIN ENTRY--PERSONAL NAME
Personal name Ghafoor Shah Qasim = غفور شاہ قاسم
245 ## - TITLE STATEMENT
Title Tabeer-i-harf = تعبیر حرف /
Statement of responsibility, etc by Ghafoor Shah Qasim = غفور شاہ قاسم
260 ## - PUBLICATION, DISTRIBUTION, ETC. (IMPRINT)
Place of publication, distribution, etc Faisalabad :
Name of publisher, distributor, etc Misal Publishers,
Date of publication, distribution, etc 2014
300 ## - PHYSICAL DESCRIPTION
Extent 352 p.
546 ## - LANGUAGE NOTE
Language note Urdu
650 ## - SUBJECT ADDED ENTRY--TOPICAL TERM
Topical term or geographic name as entry element Urdu literature
650 ## - SUBJECT ADDED ENTRY--TOPICAL TERM
Topical term or geographic name as entry element Urdu essays
942 ## - ADDED ENTRY ELEMENTS (KOHA)
Koha item type Books
Holdings
Withdrawn status Lost status Damaged status Home library Current library Date acquired Full call number Barcode Date last seen Price effective from Koha item type
      UMT Main Campus UMT Main Campus 2021-02-26 RHC 891.4394 GHA-T 112829 2021-02-26 2021-02-26 Books